駅名に「桜」を含む駅 - Statistics

General Stats
  • This quiz has been taken 99 times
  • The average score is 21 of 39
Answer Stats
Hint Answer % Correct
名古屋市
100%
四日市市
100%
安城市 桜井
83%
箕面市 桜井
83%
桜井市 桜井
83%
千葉市 桜木
74%
掛川市 桜木
74%
横浜市 桜木町
70%
世田谷区 桜新町
69%
練馬区 桜台
68%
筑紫野市 桜台
68%
東近江市 桜川
66%
大阪市 桜川
66%
若桜町 若桜
66%
大和市 桜ヶ丘
61%
大阪市 桜島
61%
千代田区 桜田門
60%
大阪市 桜ノ宮
58%
春日部市 南桜井
57%
安城市 南桜井
57%
世田谷区 桜上水
56%
練馬区 新桜台
56%
飯田市 桜町
55%
長崎市 桜町
55%
多摩市 聖蹟桜ヶ丘
45%
名古屋市 桜山
40%
旭川市 桜岡
38%
富山市 桜橋
38%
静岡市 桜橋
38%
福岡市 桜坂
35%
名古屋市 桜本町
32%
福岡市 桜並木
30%
寄居町 桜沢
29%
中野市 桜沢
29%
今治市 伊予桜井
27%
福島市 桜水
26%
東大和市 桜街道
26%
西尾市 桜町前
18%
鹿児島市 桜島桟橋通
17%
No matching quizzes found
Score Distribution
Percent of People with Each Score
Percentile by Number Answered
Your Score History
You have not taken this quiz